|
|
|
|
| LEADER |
00676cam a2200205 7i4500 |
| 001 |
0000034529 |
| 005 |
20171129090000.0 |
| 008 |
171129s1992 -uk eng |
| 020 |
# |
0 |
|a 0751327077
|
| 090 |
0 |
0 |
|a QL 544.2
|b .C3 1992
|
| 100 |
1 |
# |
|a Carter, David
|
| 245 |
1 |
0 |
|a Butterflies and moths
|c David Carter;
|f photography by Frank Greenaway.
|
| 260 |
# |
# |
|a London:
|b Dorling Kindersley,
|c 1992.
|
| 300 |
# |
# |
|a 304 p.:
|b ill.;
|c 22 cm..
|
| 490 |
0 |
0 |
|a Dorling Kindersley handbooks
|
| 500 |
# |
# |
|a Includes index
|
| 650 |
0 |
0 |
|a Moths --
|x Identification
|
| 650 |
0 |
0 |
|a Butterflies --
|x Identification
|
| 700 |
1 |
1 |
|a Greenaway, Frank
|
| 999 |
|
|
|a 1000404999
|b Book
|c Open Shelf
|e KOLEKSI TERBUKA
|